| Tag |
First Indicator |
Second Indicator |
Subfields |
| LEADER |
00000cam a2200000 i 4500 |
| 001 |
in00004586621 |
| 006 |
m o d f |
| 007 |
cr ||||||||||| |
| 008 |
220308s2020 dcu oz f000 0 eng c |
| 005 |
20221014215318.4 |
| 035 |
|
|
|a (OCoLC)on1302357373
|
| 040 |
|
|
|a GPO
|b eng
|e rda
|e pn
|c GPO
|d MvI
|
| 042 |
|
|
|a pcc
|
| 043 |
|
|
|a n-us---
|a potv---
|
| 049 |
|
|
|a WWW
|
| 074 |
|
|
|a 0899-A-01 (online)
|
| 086 |
0 |
|
|a S 9.10:20-1028
|
| 130 |
0 |
|
|a Investment Incentive Agreement between the Government of the United States of America and the Government of Tuvalu
|d (2020 October 28)
|0 http://id.loc.gov/authorities/names/no2022029544
|
| 245 |
1 |
0 |
|a Finance :
|b investment guaranties : agreement between the United States of America and Tuvalu, signed at Suva October 28, 2020; entered in to force October 28, 2020.
|
| 246 |
3 |
0 |
|a Agreement between the United States of America and Tuvalu, signed at Suva October 28, 2020; entered in to force October 28, 2020
|
| 264 |
|
1 |
|a [Washington, D.C.] :
|b United States Department of State,
|c [2020?]
|
| 300 |
|
|
|a 1 online resource (7 unnumbered pages).
|
| 336 |
|
|
|a text
|b txt
|2 rdacontent
|
| 337 |
|
|
|a computer
|b c
|2 rdamedia
|
| 338 |
|
|
|a online resource
|b cr
|2 rdacarrier
|
| 490 |
1 |
|
|a Treaties and other international acts series ;
|v 20-1028
|
| 588 |
|
|
|a Description based on online resource; title from PDF title screen (U.S. Department of State web site, viewed on March 8, 2022).
|
| 500 |
|
|
|a GPO Cataloging Record Distribution Program (CRDP).
|
| 650 |
|
0 |
|a Investment guaranty insurance
|0 http://id.loc.gov/authorities/subjects/sh85066954
|z United States.
|0 http://id.loc.gov/authorities/names/n78095330
|
| 650 |
|
0 |
|a Investments
|x Law and legislation
|0 http://id.loc.gov/authorities/subjects/sh85067717
|z Tuvalu.
|0 http://id.loc.gov/authorities/names/n81035231
|
| 650 |
|
0 |
|a Investments
|x Law and legislation
|0 http://id.loc.gov/authorities/subjects/sh85067717
|z United States.
|0 http://id.loc.gov/authorities/names/n78095330
|
| 655 |
|
7 |
|a Treaties.
|2 lcgft
|0 http://id.loc.gov/authorities/genreForms/gf2011026707
|
| 710 |
1 |
|
|a United States.
|b Department of State,
|0 http://id.loc.gov/authorities/names/n80126198
|e issuing body.
|
| 710 |
1 |
|
|a Tuvalu,
|0 http://id.loc.gov/authorities/names/n81035231
|e participant in treaty.
|
| 710 |
1 |
|
|a United States,
|0 http://id.loc.gov/authorities/names/n78095330
|e participant in treaty.
|
| 830 |
|
0 |
|a Treaties and other international acts series ;
|0 http://id.loc.gov/authorities/names/n84731555
|v 20-1028.
|
| 856 |
4 |
0 |
|u https://purl.fdlp.gov/GPO/gpo175942
|t 0
|
| 999 |
f |
f |
|s 5763d846-c894-44b7-a95f-7b0826014959
|i 52357fb2-a5f6-4e74-b07b-acc1246c59e2
|t 0
|
| 952 |
f |
f |
|a Texas A&M University
|b College Station
|c Electronic Resources
|d Available Online
|t 0
|e S 9.10:20-1208
|h Superintendent of Documents classification
|
| 998 |
f |
f |
|a S 9.10:20-1208
|t 0
|l Available Online
|